Michael Jackson - Statistics

General Stats
  • This quiz has been taken 267 times
  • The average score is 7 of 15
Answer Stats
Song Lyrics Song Title % Correct
It's close to midnight, Thriller
98%
Hey pretty baby with the high heels on The way you make me feel
87%
Do you remember when we fell in love Remember the time
75%
You rock my world you know you did You Rock my world
72%
There's a place in your heart and i know that it is love Heal the world
64%
Another day is gone, im still all alone You are not alone
63%
She got your number, she know your game Blood on the dance floor
62%
Each time the wind blows i hear your voice so i call your name I just can't stop loving you
45%
She always takes it with a heart of stone Give in to me
40%
I have to find my peace cuz no one seems to let me be Jam
37%
I watched you on the floor cheek to cheek Just good friends
32%
All you got to do is just walk and pass me by Butterflies
21%
Scratch my shoulder, its aching make it feel alright Working Day and Night
21%
This life don't last forever, so tell me what were waiting for Hold my hand
15%
I wandering in the rain mask of life feelin insaine Stranger in Mascow
6%
No matching quizzes found
Score Distribution
Percent of People with Each Score
Percentile by Number Answered
Your Score History
You have not taken this quiz